00562 2200205 4500001002100000005001500021008004100036020002200077035001900099041000700118082001100125090001700136100002000153700002500173245006900198260002600267300003200293500001000325650002100335INLIS00000000000142820241224112340241224||||||||| | ||| |||| || |  a978-979-3714-91-2 0010-1224001428 aid0 a371.32 a371.32 TIM p0 aTim kalisa Pena0 aTim Ahli Hikmah Ilmu00aPaket 3 In 1 Siap Ulangan Harian dan Semester Kelas 1 B Untuk SD aBandungbHikmahc2009 a182 hlm. : ilus, ; 25,5 cm. aCet.1 0aPelajaran kursus